| 000 | 00521nam a2200205Ia 4500 | ||
|---|---|---|---|
| 999 |
_c8427 _d8427 |
||
| 003 | 0100 | ||
| 005 | 20171122160017.0 | ||
| 008 | 130303s9999 xx 000 0 und d | ||
| 020 | _a907015441 | ||
| 040 | _cARRUPELIB | ||
| 050 | _aGN479.5.D5613 1989 | ||
| 100 |
_aDiop, Cheikh Anta _932345 |
||
| 245 | _aThe cultural unity of Black Africa: | ||
| 245 | _bthe domains of patriarchy and of matriarchy in classical antiquity | ||
| 260 |
_aLondon, Lawrenceville, N.J. _bKarnak House _c1989 |
||
| 300 | _a208 p. | ||
| 300 | _b22cm | ||
| 650 |
_aMatriarchy _937712 |
||
| 650 |
_aPatriarchy _937713 |
||
| 650 |
_aCivilization, Ancient _928896 |
||
| 700 |
_aCheikh Anta Diop _937714 |
||
| 942 |
_2lcc _cMONOGRAPH |
||